000 00295nam a2200109Ia 4500
008 220204s9999 xx 000 0 und d
082 _a929(038)
_bSEN
100 _aSen, S P
245 0 _aDictionary of national biography. 4 V
260 _aCalcutta
_bInst of Historical Studies
_c1974
942 _cBK
999 _c23128
_d23128